Dla jakiego klubu najwięcej meczy zagrała ta legenda? - Statystyki

Ogólne statystyki
  • Ten quiz został rozwiązany 975 razy
    783 od ostatniego zresetowania
  • Średni wynik to 11 z 16
Statystyki odpowiedzi
Legendarny piłkarz Klub % Poprawnych
Gerd Müller Bayern
88%
Ronaldinho Barcelona
87%
Francesco Totti Roma
86%
Diego Maradona Napoli
84%
Patrick Vieira Arsenal
83%
Fernando Torres Atletico
81%
Pelé Santos
78%
Gianluca Zambrotta Juventus
73%
Michael Owen Liverpool
66%
Ruud Van Nisterlooy Manchester United
66%
Miroslav Klose Lazio
60%
Frank Rijkard Ajax
57%
Zbigniew Boniek Widzew
57%
Gianfranco Zola Chelsea
53%
Marco Van Basten Milan
51%
Hugo Sanchez Real
49%
Nie znaleziono quizów pasujących do podanych kryteriów
Rozkład punktacji
Procent ludzi z każdym wynikiem
Percentyl według liczby udzielonych odpowiedzi
Twoja historia wyników
Nie rozwiązałeś tego quizu od ostatniego zresetowania